| 000 | 00343nam a2200121Ia 4500 | ||
|---|---|---|---|
| 008 | 240731s9999 xx 000 0 und d | ||
| 022 | _a1751-7427 | ||
| 245 | 0 | _aHome Cultures : The Journal of Architecture, Design and Domestic Space | |
| 260 | _bRoutledge | ||
| 856 | _uhttps://www.tandfonline.com/loi/rfhc20 | ||
| 942 | _2ddc | ||
| 942 | _cTFEJ | ||
| 999 |
_c76861 _d76861 |
||
| 945 |
_a1 _bMadushi Gamage _c1 _dMadushi Gamage |
||